00343nam a2200097Ia 4500008004100000082001900041100002200060245005000082260009500132300001800227230907s9999||||xx |||||||||||||| ||und|| a333.79323bSHA aShahidehpour, M., 0aMarket operations in electric power systems : aInstitute of Electrical and Electronics Engineers, Wiley-Interscience,b[New York] :c2002 axiv, 531 p. :